LEADER 01381nam a2200289 i 4500 001 000000221791 003 CaOOAMICUS 005 20220808140253.0 008 130808s2000 it u000 u ita u 013 $a200688 020 $a88-8292-052-6 040 $aSeMil$bita 100 1 $aMagliulo, Nicola <1957- >.$0(OLS)http://semarc/name/77562 245 13$aUn pensiero tragico :$bl'itinerario filosofico di Massimo Cacciari /$cNicola Magliulo ; postfazione di Vincenzo Vitiello. 260 $aNapoli :$bLa Città del Sole,$c2000. 300 $a248 p. ;$c21 cm. 490 0 $aIl pensiero e la storia / Istituto italiano per gli studi filosofici ;$v74 600 14$aCacciari, Massimo <1944- >.$0(OLS)http://semarc/subject/35468 700 1 $aVitiello, Vincenzo,$d<1935- >.$0(OLS)http://semarc/name/20981 830 3$aIl pensiero e la storia / Istituto italiano per gli studi filosofici ;$v74.$0(OLS)http://semarc/title/157665 850 $aSeMil 852 $aSeMil$W1$xVenegono$y1$m2P VII 42$j172140$B172140$CSeMilBibl$Z2$F183726 $81 961 $aOmaggio: Conti don Ermenegildo 996 $6020$a88-8292-052-6$9(OLS)http://semarc/number/221007 996 $6245$aUn pensiero tragico :$bl'itinerario filosofico di Massimo Cacciari$9(OLS)http://semarc/title/317964 996 $6260$aNapoli :$bLa Città del Sole$9(OLS)http://semarc/publisher/32048 LEADER 00870nam a2200205 i 4500 001 000000075157 003 CaOOAMICUS 005 20070723000000.0 008 070723s1904 it u000 u ita u 013 $a46329 040 $aSeMil$bita 245 10$aDizionario geografico-storico della Divina Commedia /$cA cura di Agostino Bartolini. 260 $aRoma :$bDesclée, Lefebvre e C.,$c1904. 300 $a426 p. ;$c16 cm. 650 4$aAlighieri, Dante <1265-1321> . Divina Commedia.$0(OLS)http://semarc/subject/338 700 1 $aBartolini, Agostino.$0(OLS)http://semarc/name/1448 850 $aSeMil 852 $aSeMil$W1$xVenegono$y1$m1E II 20$j41309$B41309$CSeMilBibl$Z2$F41313 $81 996 $6245$aDizionario geografico-storico della Divina Commedia$9(OLS)http://semarc/title/121951 996 $6260$aRoma :$bDesclée, Lefebvre e C.$9(OLS)http://semarc/publisher/29735